Estadísticas para Goleadores de la Copa Mundial FIFA por edicion

Haz click aquí para intentar la prueba.

Estadísticas generales

  • Esta prueba ha sido intentada 94 veces
    (82 desde el último reinicio)
  • La puntuación promedio es 13 de 30

Estadísticas de respuestas

MundialNacionalidadJugadorG% Correcto
2010EspañaDavid Villa5
94%
2014ColombiaJames Rodriguez6
94%
2002BrasilRonaldo8
94%
2018InglaterraHarry Kane6
93%
2010UruguayDiego Forlan5
86%
2006AlemaniaMiroslav Klose5
86%
2010AlemaniaThomas Muller5
86%
1978ArgentinaMario Kempes6
69%
1966PortugalEusebio9
64%
1998CroaciaDavor Suker6
63%
2010Paises BajosWesley Sneijder5
61%
1970AlemaniaGerd Muller10
60%
1986InglaterraGary Lineker6
50%
1994BulgariaHristo Stoichkov6
50%
1982ItaliaPaolo Rossi6
50%
1962BrasilGarrincha4
43%
1958FranciaJust Fontaine13
40%
1990ItaliaSalvatore Schillaci6
21%
1954HungriaSandor Kocsis11
21%
1930ArgentinaGuillermo Stabile8
19%
1962BrasilVava4
19%
1974PoloniaGrzegorz Lato7
17%
1994RusiaOleg Salenko6
13%
1938BrasilLeonidas da Silva7
10%
1950BrasilAdemir9
7%
1962ChileLeonel Sanchez4
7%
1962HungriaFlorian Albert4
4%
1934ChecoslovaquiaOldrich Nejedly5
3%
1962YugoslaviaDrazen Jerkovic4
1%
1962URSSValentin Ivanov4
1%

Distribución de puntuación

Porcentaje por número respondido

Porcentaje de gente con cada puntuación

Historial de tus puntuaciones

No has intentado esta prueba desde el último reinicio